[Event "NED-ch U16 op"]
[Site "Borne"]
[Date "2019.08.05"]
[Round "1"]
[White "Lauwers, Timo"]
[Black "Baselmans, Daan"]
[Result "0-1"]
[WhiteElo "1364"]
[BlackElo "1720"]
[PlyCount "96"]
[EventDate "2019.08.05"]
[EventType "swiss"]
[EventRounds "9"]
[EventCountry "NED"]
[SourceTitle "EXT 2020"]
[Source "ChessBase"]
[SourceDate "2019.10.17"]
[SourceVersion "1"]
[SourceVersionDate "2019.10.17"]
[SourceQuality "1"]

1. d4 Nf6 2. Nf3 g6 3. Bf4 d6 4. e3 Bg7 5. Bd3 0-0 6. Nbd2 Nbd7 7. Nb3 Qe8 8. Nfd2 e5 9. dxe5 dxe5 10. Bg3 e4 11. Be2 Qd8 12. h4 h5 13. Bf4 b6 14. g4 hxg4 15. Bxg4 Nxg4 16. Qxg4 Bxb2 17. Rb1 Bc3 18. Bh6 Nc5 19. Qe2 Nxb3 20. Rxb3 Qxd2+ 21. Qxd2 Bxd2+ 22. Kxd2 Rd8+ 23. Kc1 Bg4 24. Rb4 Bf3 25. Rg1 c5 26. Rb1 Rd5 27. Bg5 Kg7 28. Kb2 Rd2 29. Rgf1 f6 30. Bf4 Rad8 31. Bg3 b5 32. a3 R8d7 33. Kc3 Be2 34. Rfe1 a5 35. Rxe2 Rxe2 36. Rxb5 Rdd2 37. Rb2 a4 38. Ra2 Kf7 39. Rb2 Ke6 40. Rb6+ Kf5 41. Rb2 Kg4 42. Ra2 g5 43. hxg5 fxg5 44. Rb2 Kf3 45. Ra2 Rxf2 46. Bxf2 Rxf2 47. Kc4 g4 48. Kxc5 g3 0-1